000 01384nam a2200349 a 4500
001 ebr10465908
003 CaPaEBR
006 m u
007 cr cn|||||||||
008 100730s2011 enka sb 000 0 eng d
010 _z 2010030866
020 _z184150369X
020 _z1841504327
020 _z9781841503691
020 _z9781841504322
040 _aCaPaEBR
_cCaPaEBR
035 _a(OCoLC)732956190
050 1 4 _aGT931.B47
_bI54 2011eb
100 1 _aIngram, Susan
_q(Susan V.)
245 1 0 _aBerliner chic
_h[electronic resource] :
_ba locational history of Berlin fashion /
_cSusan Ingram and Katrina Sark.
260 _aBristol, UK :
_bIntellect ;
_aChicago, IL :
_bUniversity of Chicago Press,
_c2011.
300 _a229 p. :
_bill.
504 _aIncludes bibliographical references.
533 _aElectronic reproduction.
_bPalo Alto, Calif. :
_cebrary,
_d2011.
_nAvailable via World Wide Web.
_nAccess may be limited to ebrary affiliated libraries.
650 0 _aFashion
_zGermany
_zBerlin
_xHistory.
650 0 _aClothing and dress
_zGermany
_zBerlin
_xHistory.
650 0 _aWomen designers
_zGermany
_zBerlin
_xHistory.
655 7 _aElectronic books.
_2local
700 1 _aSark, Katrina.
710 2 _aebrary, Inc.
856 4 0 _uhttp://site.ebrary.com/lib/rucke/Doc?id=10465908
_zAn electronic book accessible through the World Wide Web; click to view
999 _c242988
_d242988